|
|
|
|
| LEADER |
00777nam a22002412a 4500 |
| 001 |
000232614 |
| 003 |
CZ BrMZK |
| 005 |
20130114094735.0 |
| 007 |
ta |
| 008 |
950101s1978 xo f cze d |
| 040 |
|
|
|a BOA001
|b cze
|
| 080 |
|
|
|a 616.24-053.2
|2 MRF
|
| 100 |
1 |
|
|a Vávrová, Věra,
|d 1928-
|7 nlk19990074045
|4 aut
|
| 245 |
1 |
0 |
|a Možnosti léčebné rehabilitace u cystické fibrosy /
|c V. Vávrová, J. Štefanová
|
| 250 |
|
|
|a [1.] vyd.
|
| 260 |
|
|
|a Bratislava :
|b Obzor,
|c 1978
|
| 300 |
|
|
|a 96 s.
|
| 490 |
1 |
|
|a Rehabilitácia ;
|v suppl. č. 16
|
| 700 |
1 |
|
|a Štefanová, Jiřina
|7 xx0119430
|4 aut
|
| 830 |
|
0 |
|a Rehabilitácia
|
| 910 |
|
|
|a BOA001
|b 2-0802.169
|
| 990 |
|
|
|a BK
|
| 996 |
7 |
|
|b 2619897451
|c 2-0802.169
|l MZK
|r Sklad / do 1 hodiny
|n 7
|w 000232614
|u 000010
|a 1
|e BOA001
|j MZK50
|s A
|